00638nam a2200229 a 4500001001300000003000900013005001700022008004100039020001000080082001700090100002400107245001800131260003100149300000700180500003500187650001500222700002400237902000800261942000700269952011700276999001500393nice12345678IN_TiNIC20260116011401.0050524s1909 dela grp 000 0 ara  ac15000a297.14bABD2 aAbdul Hai, Mohammad aSharah Waqaya aDelhibMatba Mujtabac1909 a00 aincludes index and biblioraphy aIslam-Fiqh1 aAbdul Hai, Mohammad bSRS cBK 001040708StackRoom-aHMIbHMId2008-09-25g150.00l0o297.14 ABD2p00255r2008-09-25v150.00w2005-05-24yBK c1059d1059